Ibérica : el progreso de las ciencias y de sus aplicaciones : revista semanal el progreso de las ciencias y de sus aplicaciones :
ISBN:
0211-0776
Descripción Física:
Il. ; 30 cm
MARC
| LEADER | 00000nam a2200000Ia 4500 | ||
|---|---|---|---|
| 003 | BGR | ||
| 005 | 20260324180148.0 | ||
| 008 | 160829s9999 xx 000 0 cat d | ||
| 008 | 160829s9999 xx 000 0 cat d | ||
| 020 | |a 0211-0776 | ||
| 080 | |a 2887, exp. 2 | ||
| 245 | |a Ibérica : |b el progreso de las ciencias y de sus aplicaciones : |b revista semanal | ||
| 260 | |a Tortosa (Observatorio del Ebro) : |b [s.n.], [1914] - | ||
| 300 | |a Il. ; |c 30 cm | ||
| 362 | |a Año 1, no. 1 (3 enero 1914)- | ||
| 590 | |a Setmanal. | ||
| 590 | |a Descripció basada en: Año 2, tomo 2, vol. 4, no. 84 (7 agosto 1915). | ||
| 590 | |a Suspesa de 1936 a 1945. | ||
| 590 | |a Comença 2a època el 1945 i 3a època el 1962. | ||
| 590 | |a Editor posterior: Associació de Pedagogia de les Ciències. | ||
| 590 | |a Bibliografia. | ||
| 650 | |a Ciència |x Revistes |9 48205 | ||
| 650 | |a Tecnologia |x Revistes |9 43580 | ||
| 710 | 2 | |a Associació de Pedagogia de les Ciències |9 70561 | |
| 866 | |a 1915 (84, 89) | ||
| 901 | |a Arxiu | ||
| 942 | |n 1 |2 udc |c MON | ||
| 952 | |0 0 |1 0 |4 0 |6 2887_EXP_2 |7 1 |9 54394 |a Arxiu |b Arxiu |d 2016-12-01 |l 0 |o 2887, exp. 2 |r 2016-12-01 00:00:00 |w 2016-12-01 |y ARXIU | ||
| 999 | |c 58263 |d 58263 | ||